000
00330nam a22001457a 4500
008
221205b ||||| |||| 00| 0 eng d
020
_a
9781617319396
041
_a
eng
080
_2
FOURTH EDITION
_a
611
082
_a
611AME
100
_a
10
101
_a
ANATO
245
_a
ANATOMY PHYSIOLOGY
_c
AMERMAN C E
942
_2
udc
_c
BK
999
_c
59085
_d
59085